000 00330nam a22001457a 4500
008 210308b ||||| |||| 00| 0 eng d
020 _a0471096466
041 _aeng
080 _23rd
_a004
082 _a004
100 _a28
101 _aSHKI
245 _aIntroduction to Digital Technology
_cNashelsky, L
942 _2udc
_cBK
999 _c55928
_d55928